000 00184 a2200097 4500
020 _a 9780060589288
041 _aeng
100 _aCoehlo, Paulo
245 _aEleven Minutes
942 _cBK
999 _c7716
_d7716